Le 1er mai à Oran en 1919 et en 1920 l'étude de la presse coloniale /

Elmentve itt :
Bibliográfiai részletek
Szerző: Bouba Philippa
Dokumentumtípus: Cikk
Megjelent: Université de Szeged Szeged 2013
Sorozat:Mediterrán tanulmányok 22
Kulcsszavak:Európán kívüli világ története, Sajtótörténet - Algéria - 1919-1920
Tárgyszavak:
Online Access:http://acta.bibl.u-szeged.hu/30735
LEADER 00811nab a2200205 i 4500
001 acta30735
005 20251126100813.0
008 161017s2013 hu o 000 fre d
022 |a 0238-8308 
040 |a SZTE Egyetemi Kiadványok Repozitórium  |b hun 
041 |a fre 
100 1 |a Bouba Philippa 
245 1 3 |a Le 1er mai à Oran en 1919 et en 1920   |h [elektronikus dokumentum] :  |b l'étude de la presse coloniale /  |c  Bouba Philippa 
260 |a Université de Szeged  |b Szeged  |c 2013 
300 |a 65-73 
490 0 |a Mediterrán tanulmányok  |v 22 
650 4 |a Bölcsészettudományok 
650 4 |a Történettudomány és régészet 
695 |a Európán kívüli világ története, Sajtótörténet - Algéria - 1919-1920 
856 4 0 |u http://acta.bibl.u-szeged.hu/30735/1/mediterran_022_065-073.pdf  |z Dokumentum-elérés